Determinar la contribución del sector privado en la incursión de energías renovables para generar el 100% de electricidad mediante energías limpias en Costa Rica
Guardado en:
| Autor principal: | |
|---|---|
| Otros Autores: | |
| Formato: | Libro |
| Lenguaje: | Spanish |
| Publicado: |
[San José, Costa Rica]
2010
|
| Materias: | |
| Etiquetas: |
Agregar Etiqueta
Sin Etiquetas, Sea el primero en etiquetar este registro!
|
MARC
| LEADER | 00000nam a22000007a 4500 | ||
|---|---|---|---|
| 003 | 001666 | ||
| 005 | 20221231144036.0 | ||
| 008 | 160210b2010 cr a|||| |||| 00| ||spa d | ||
| 040 | |c cru CEDI | ||
| 090 | |a TFG 6173 | ||
| 100 | |9 3048 |a Alfaro Alfaro, Marianela | ||
| 245 | |a Determinar la contribución del sector privado en la incursión de energías renovables para generar el 100% de electricidad mediante energías limpias en Costa Rica | ||
| 260 | |a [San José, Costa Rica] |c 2010 | ||
| 500 | |a Proyecto de Graduación (licenciatura en ingeniería industrial)--Universidad de Costa Rica. Facultad de Ingeniería. Escuela de Ingeniería Industrial | ||
| 650 | |x ENERGIA ELECTRICA |x PRODUCCION |x COSTA RICA |x SECTOR PRIVADO |9 3050 | ||
| 700 | |9 3049 |a Salas Alfaro, José Alonso | ||
| 942 | |c TFG | ||
| 999 | |c 16042 |d 16042 | ||
